Представление документа в формате RUSMARC

ПолеНазваниеЗначение
  Тип записи a
  Библиографический уровень a
001 Контрольный номер RU/CBS_UL/BASE/c0d122122807450481dba65a1d848cd9
005 Дата корректировки 20260415114314.1
100 Данные общей обработки __
a Данные общей обработки 20260415 ||| 0rusy0189 ca
101 Язык документа 0_
a Язык текста rus
102 Страна публикации __
a Страна публикации RU
200 Заглавие и сведения об ответственности 1_
a Заглавие "Юра, мы всё помним!"
e Сведения, относящиеся к заглавию [Гагарин как начало новой эры]
f Первые сведения об ответственности И. Устинова
300 Общие примечания __
a Общие примечания 12+
461 Уровень набора _0
1 2000
a Литературная газета
463 Уровень физической единицы _0
1 2000
a № 14 (8-14 апр.)
v С. 4
1 2101
d 2026
1 001RU/CBS_UL/BASE/3026d778ee0c49a899119a9b8b1a65a1
600 Персоналии _1
a Персоналии (Фамилия) Гагарин
b Персоналии (Имя, инициалы) Ю. А.
606 Тематические рубрики 0_
a Основная рубрика Гагарин, Юрий Алексеевич (1934-1968)
610 Ключевые слова 0_
a Ключевые слова первые космонавты; космонавты; советские космонавты; первые полёты; полёты в космос; лётчики-космонавты; лётчики-космонавты советские; лётчики-космонавты СССР
686 Индексы других классификаций __
a Классификационный индекс 39.6г
700 Автор _1
a Фамилия Устинова
b Имя (инициалы) И.
801 Источник записи _0
a Страна RU
b Организация МБУК ЦБС г. Ульяновска
c Дата составления 20260415
g Правила каталогизации RCR
801 Источник записи _1
a Страна RU
b Организация МБУК ЦБС г. Ульяновска
c Дата составления 20260415
g Правила каталогизации RCR
901 Тип документа __
t Тип документа f
w Контрольный № источника RU/CBS_UL/BASE/3026d778ee0c49a899119a9b8b1a65a1
909 Создатель записи __
a Создатель записи mbo